LEADER 01510nam a2200313 u 4500 001 000000083308 003 CaOOAMICUS 005 20070226123945.0 008 050503s1964 gw acf u000 u ger u 035 $a11044244 040 $aDAI8R9$bita 041 1 $ager$hgrc 100 1 $aBoethius, Anicius Manlius Torquatus Severinus,$d475/480-c. 524/525.$0(OLS)http://pul/name/1389 240 10$aPhilosophiae consolatio$9(Boethius, Anicius Manlius Torquatus Severinus, 475/480-c. 524-525).$lTedesco.$0(OLS)http://pul/title/108639 245 10$aTrost der Philosophie /$cBoethius ; deutsch von Karl Büchner ; mit Einführung von Friedrich Klinger. 260 $aBremen :$bSchünemann,$c1964. 300 $al, 182 S. : [1] Taf. :$bIll., Graph. Darst. ;$c16 cm 490 1 $aSammlung Dieterich ;$v33 700 1 $aKlinger, Friedrich.$0(OLS)http://pul/name/55156 700 1 $aBüchner, Karl,$d1910-1981.$0(OLS)http://pul/name/22093 740 0 $aConsolationis philosophiae libri quinque. 830 0$aSammlung Dieterich ;$v33.$0(OLS)http://pul/title/9961 850 $aPUL 852 $aPUL$W1$xDP1 Fondo Seidl$y56$m1 C 23$j41875$nBK-PRI$b $qFondi$B106001$CPULBib$Z2$F106001 $HPUL91376 $81 900 $aBoezio,$d475/480-c. 524/525$91389 941 1 $a1 996 $6245$aTrost der Philosophie$9(OLS)http://pul/title/108640 996 $6740$aConsolationis philosophiae libri quinque$9(OLS)http://pul/title/108641 996 $6260$aBremen :$bSchünemann$9(OLS)http://pul/publisher/76523 LEADER 01443nam a2200337 a 4500 001 000000176435 003 CaOOAMICUS 005 20240108163540.0 008 240108s2011 it u000 u ita r 020 $a978-88-96498-04-0* 032 $aLibriCat 040 $aPUL$bita 084 $a327.1 245 00$aGiuseppe Vedovato costruttore d'Europa / $ca cura di Giulio Cipollone e Guido Ravasi. 260 $aMilano :$bNagard,$c©2011. 300 $a330 p. ;$b$c24 cm 490 1 $aFondazione Europea Dragan ;$v36 504 $aBibliografia in nota a piè pagina. 600 14$aVedovato, Giuseppe,$d1912-2012.$0(OLS)http://pul/subject/46735 650 4$aEuropa--Storia--Sec. XX-XXI.$0(OLS)http://pul/subject/46108 700 1 $aCipollone, Giulio,$cO.SS.T,$d1946-$0(OLS)http://pul/name/11771 700 1 $aRavasi, Guido.$0(OLS)http://pul/name/98003 830 0$aFondazione Europea Dragan ;$v36.$0(OLS)http://pul/title/193349 850 $aPUL 852 $aPUL$W1$xSL Diritto e Scienze Sociali 3$y79$m327. 1 CIPGI 1$j200501$qDDC 21$B205378$CPULBib$Z2$F205378 $H136720 $82 941 1 $a9 996 $6020$a978-88-96498-04-0*$9(OLS)http://pul/number/169487 996 $6084$a327.1$9(OLS)http://pul/classification/3475 996 $6245$aGiuseppe Vedovato costruttore d'Europa / $9(OLS)http://pul/title/217928 996 $6260$aMilano :$bNagard$9(OLS)http://pul/publisher/85298